कुंभकार व मिट्टी के कई रंग-रूप / (Record no. 121601)

MARC details
000 -LEADER
fixed length control field 01179nam a22002777a 4500
003 - CONTROL NUMBER IDENTIFIER
control field dpl
005 - DATE AND TIME OF LATEST TRANSACTION
control field 20190425113543.0
008 - FIXED-LENGTH DATA ELEMENTS--GENERAL INFORMATION
fixed length control field 190425b ||||| |||| 00| 0 eng d
010 ## - LIBRARY OF CONGRESS CONTROL NUMBER
LC control number B-072973
020 ## - INTERNATIONAL STANDARD BOOK NUMBER
Terms of availability 100.00
035 ## - SYSTEM CONTROL NUMBER
System control number B-072973, B-072977
037 ## - SOURCE OF ACQUISITION
Source of stock number/acquisition Cen Lib/Ret
040 ## - CATALOGING SOURCE
Original cataloging agency DPL
Language of cataloging HN
Transcribing agency 0
082 ## - DEWEY DECIMAL CLASSIFICATION NUMBER
Classification number 305.9738
Item number टाकवै
100 ## - MAIN ENTRY--PERSONAL NAME
Personal name टाक, वैद रतिराम
9 (RLIN) 45274
245 ## - TITLE STATEMENT
Title कुंभकार व मिट्टी के कई रंग-रूप /
Statement of responsibility, etc वैद रतिराम टाक
246 ## - VARYING FORM OF TITLE
Title proper/short title Kumbhkaar v mitti ke kai rang-roop /
Remainder of title by Vaid Ratiram Tak
260 ## - PUBLICATION, DISTRIBUTION, ETC. (IMPRINT)
Place of publication, distribution, etc बीकानेर
Name of publisher, distributor, etc राम पुस्तक माला
Date of publication, distribution, etc 2002
270 ## - ADDRESS
Address सर्वोदय बस्ती
City बीकानेर
300 ## - PHYSICAL DESCRIPTION
Extent 79पृ.
Dimensions 19सेमी(अजिल्द)
650 ## - SUBJECT ADDED ENTRY--TOPICAL TERM
Topical term or geographic name as entry element विभिन्न धर्मों की भूमिका -- भारत
9 (RLIN) 99655
650 ## - SUBJECT ADDED ENTRY--TOPICAL TERM
Topical term or geographic name as entry element भारत - इतिहास
9 (RLIN) 3679
650 ## - SUBJECT ADDED ENTRY--TOPICAL TERM
Topical term or geographic name as entry element The role of different religions - India
9 (RLIN) 99656
650 ## - SUBJECT ADDED ENTRY--TOPICAL TERM
Topical term or geographic name as entry element India - History
9 (RLIN) 24174
942 ## - ADDED ENTRY ELEMENTS (KOHA)
Source of classification or shelving scheme Dewey Decimal Classification
Koha item type Hindi Books
Classification part 305.9738
Call number suffix टाकवै
Holdings
Withdrawn status Lost status Damaged status Not for loan Home library Current library Date acquired Source of acquisition Cost, normal purchase price Total Checkouts Full call number Barcode Date last seen Date checked out Copy number Cost, replacement price Price effective from Koha item type Source of classification or shelving scheme Collection code
        Central Library Central Library 10/10/2015 Cen Lib/Ret 100.00 1 305.9738 टाकवै B-072973 24/06/2022 11/06/2022 1 100.00 15/09/2016 Hindi Books    
        Shahdara Branch Shahdara Branch 25/04/2019 BPPD/PUB 100.00   305.9738 टाकवै B-072977 25/04/2019     100.00 25/04/2019 Hindi Books Dewey Decimal Classification Non-fiction

© Delhi Public Library
Hit Counter
free hit counter